000 00464nam a2200121Ia 4500
008 171212s9999 xx 000 0 und d
100 _aGalor, Katharina
245 _cGalor, Katharina
_aFinding Jerusalem
_bArchaeology between Science and Ideology
260 _bUniversity of California Press
_c2017
650 _aArchaeology -- Political aspects -- Jerusalem; Jerusalem -- Antiquities
650 _aReligion
856 _uhttp://jstor.org/stable/10.1525/j.ctt1pq349g
999 _c352967
_d352967